000 00574nam a2200193Ia 4500
003 GCL
008 140319s9999 xx 000 0 ara d
040 _aGCL /
_cGCL
082 0 4 _a818.03
_bم م
100 1 _aمحمد عبدالواحد
245 1 0 _aمثقفون تحت الطلب /
_cمحمد عبدالواحد
250 _aالاولى
260 _aالقاهرة :
_bدار غرناطة ،
_c2005
300 _a400 ص ؛
_c20 سم
650 0 4 _aالثقافة
650 0 4 _aفاروق حسنى
650 0 4 _aالمذكرات الثقافية
942 _2ddc
_cBK
999 _c8667
_d8667